Insieme

محفوظ في:
التفاصيل البيبلوغرافية
المؤلف الرئيسي: Flavio E Romano Prodi
التنسيق: كتاب
اللغة:لغة غير معروفة
منشور في: Sanpaolo
الوسوم: إضافة وسم
لا توجد وسوم, كن أول من يضع وسما على هذه التسجيلة!

MARC

LEADER 00000nam a2200000Ia 4500
001 R-754
003 CODICE-MESSINA
005 20260212102457.0
008 260211s9999 xx 000 0 und d
040 |c importazione_messina 
100 |a Flavio E Romano Prodi 
245 0 |a Insieme 
260 |b Sanpaolo 
942 |2 ddc  |c BK 
952 |0 0  |1 0  |2 ddc  |4 0  |6 SCAFFALE_7_000000000000000__ROMANZI  |7 0  |9 31581  |a ME  |b ME  |d 2026-02-11  |l 0  |o SCAFFALE 7 - ROMANZI  |p R-754  |r 2026-02-11 23:52:38  |w 2026-02-11  |x [REVISIONARE]  |y BK 
999 |c 27246  |d 27246